Man and society.

Bibliographic Details
Main Author: Haas, Francis J. (Francis Joseph), 1889-1953
Format: Book
Language:English
Published: New York : Appleton-Century-Crofts, [1952]
Edition:2d ed.
Series:Century Catholic college texts.
Subjects:

MARC

Tag First Indicator Second Indicator Subfields
LEADER 00000cam a22000001 4500
001 in00000062478
005 20151007082942.0
008 790516s1952 nyu b 00000 eng
010 |a  52008137  
035 |a (OCoLC)00973588 
035 |9 AAF8641AM 
040 |a DLC  |c DLC  |d TXA  |d UtOrBLW 
049 |a TXAM  |c [206375] 
050 0 0 |a HM66  |b .H23 1952 
082 0 |a 301 
092 |a 301  |b H112m2 
100 1 |a Haas, Francis J.  |q (Francis Joseph),  |d 1889-1953. 
245 1 0 |a Man and society. 
250 |a 2d ed. 
264 1 |a New York :  |b Appleton-Century-Crofts,  |c [1952] 
300 |a 554 pages ;  |c 25 cm. 
336 |a text  |b txt  |2 rdacontent 
337 |a unmediated  |b n  |2 rdamedia 
338 |a volume  |b nc  |2 rdacarrier 
490 1 |a The Century Catholic college texts 
504 |a Includes bibliographies. 
650 0 |a Sociology. 
830 0 |a Century Catholic college texts. 
999 |a MARS 
999 f f |s 086e8dbb-4138-3634-a988-ddd60cf29a8f  |i 62724839-3009-337c-a8ed-4f94590a4aaf  |t 0 
952 f f |p ric  |a Texas A&M University  |b Rellis Campus  |c Joint Library Facility  |d Remote Storage  |t 0  |e HM66 .H23 1952  |h Library of Congress classification  |i unmediated -- volume  |m A14800632359 
998 f f |a HM66 .H23 1952  |t 0  |l Remote Storage